Residential vital rates in corporation and municipalities 1984 (Record no. 19793)
[ view plain ]
| 000 -LEADER | |
|---|---|
| fixed length control field | 00420nam a2200145Ia 4500 |
| 003 - CONTROL NUMBER IDENTIFIER | |
| control field | OSt |
| 005 - DATE AND TIME OF LATEST TRANSACTION | |
| control field | 20230214142720.0 |
| 008 - FIXED-LENGTH DATA ELEMENTS--GENERAL INFORMATION | |
| fixed length control field | 140316s9999 xx 000 0 und d |
| 082 ## - DEWEY DECIMAL CLASSIFICATION NUMBER | |
| Classification number | 658 .045 |
| Item number | GOV/RE |
| 245 ## - TITLE STATEMENT | |
| Title | Residential vital rates in corporation and municipalities 1984 |
| 260 ## - PUBLICATION, DISTRIBUTION, ETC. (IMPRINT) | |
| Place of publication, distribution, etc. | Thiruvanathapuram |
| Name of publisher, distributor, etc. | Department of economics and statistics |
| Date of publication, distribution, etc. | 1986 |
| 300 ## - PHYSICAL DESCRIPTION | |
| Extent | 29 |
| 700 ## - ADDED ENTRY--PERSONAL NAME | |
| Personal name | Govt Of Kerala |
| 942 ## - ADDED ENTRY ELEMENTS (KOHA) | |
| Source of classification or shelving scheme | Dewey Decimal Classification |
| Koha item type | Report |
| Withdrawn status | Lost status | Source of classification or shelving scheme | Damaged status | Not for loan | Collection code | Home library | Current library | Shelving location | Date acquired | Total Checkouts | Full call number | Barcode | Date last seen | Price effective from | Koha item type |
|---|---|---|---|---|---|---|---|---|---|---|---|---|---|---|---|
| Dewey Decimal Classification | Reports | KAU Central Library, Thrissur | KAU Central Library, Thrissur | Reports | 18/03/2014 | 658 .045 GOV/RE | 211717 | 18/03/2014 | 18/03/2014 | Report |
